Communalism in Bengal (Record no. 14376)
[ view plain ]
| 000 -LEADER | |
|---|---|
| fixed length control field | 003800000a22001570004500 |
| 001 - CONTROL NUMBER | |
| control field | 002464 |
| 003 - CONTROL NUMBER IDENTIFIER | |
| control field | MACL |
| 040 ## - CATALOGING SOURCE | |
| Original cataloging agency | MACL |
| 090 ## - LOCALLY ASSIGNED LC-TYPE CALL NUMBER (OCLC); LOCAL CALL NUMBER (RLIN) | |
| -- | 14457 |
| -- | 14456 |
| 100 ## - MAIN ENTRY--PERSONAL NAME | |
| Personal name | Batabyal, Rakesh |
| 245 ## - TITLE STATEMENT | |
| Title | Communalism in Bengal |
| Remainder of title | From Famine to Noakhali, 1943-47 |
| Statement of responsibility, etc. | Rakesh Batabyal |
| 260 ## - PUBLICATION, DISTRIBUTION, ETC. (IMPRINT) | |
| Place of publication, distribution, etc. | Sage Publication, |
| Date of publication, distribution, etc. | 2005 |
| 350 ## - PRICE (NR) (BK AM CF MU VM SE) [OBSOLETE] | |
| Price | 750 |
| 650 ## - SUBJECT ADDED ENTRY--TOPICAL TERM | |
| Topical term or geographic name as entry element | Social Science |
| 942 ## - ADDED ENTRY ELEMENTS (KOHA) | |
| Call number prefix | 307 |
| Koha item type | Library Membar |
| Withdrawn status | Lost status | Source of classification or shelving scheme | Damaged status | Not for loan | Home library | Current library | Date acquired | Full call number | Barcode | Date last seen | Uniform Resource Identifier | Price effective from | Koha item type |
|---|---|---|---|---|---|---|---|---|---|---|---|---|---|
| MACL | MACL | 15/04/2015 | 307 Book | CRE018244 | 02/05/2024 | 14259 | 15/04/2015 | Books |









